Произведения Габриэля Гарсии Маркеса - Армагеддон - Statistics

General Stats
  • This quiz has been taken 13 times
  • The average score is 2 of 15
Answers on the Grid
Answers color-coded by a green-red scale on the quiz's grid according to % correct below.
Сад расходящихся тропок
Проклятое время
Сто лет одиночества
Необычайные похождения Хулио Хуренито
Самый красивый утопленник в мире
Генерал в своём лабиринте
Осень патриарха
Игра в классики
Любовь во время холеры
Палая листва
Очень старый человек с огромными крыльями
Дьявол и сеньорита Прим
И восходит Солнце
Счастливое лето сеньоры Форбес
Другая сторона смерти
Жизнь Чезаре Борджиа
Перебои в смерти
Вспоминая моих грустных шлюх
Остаток дня
Мантисса
Увидимся в августе
Хорошо ловится рыбка-бананка
Песнь Соломона
Полковнику никто не пишет
Старик и море
Невыносимая любовь
Хроника объявленной смерти
Ритуалы плавания
Камо грядеши?
Сообщение о похищении
 
Answer Stats
Answer % Correct
Сто лет одиночества
57%
Полковнику никто не пишет
43%
Проклятое время
14%
Осень патриарха
14%
Любовь во время холеры
14%
Хроника объявленной смерти
14%
Самый красивый утопленник в мире
0%
Генерал в своём лабиринте
0%
Палая листва
0%
Очень старый человек с огромными крыльями
0%
Счастливое лето сеньоры Форбес
0%
Другая сторона смерти
0%
Вспоминая моих грустных шлюх
0%
Увидимся в августе
0%
Сообщение о похищении
0%
No matching quizzes found
Score Distribution
Percent of People with Each Score
Percentile by Number Answered
Your Score History
You have not taken this quiz